Čechoslováci v gulagu a československá diplomacie 1945-1953
| Main Author: | |
|---|---|
| Format: | Book |
| Language: | Czech Slovak English |
| PhysicalDescription: | 510 s. ilustr. 21 cm |
| Published: |
Praha Bratislava
Libri ; Ústav pamäti národa
2006
|
| ISBN: | 8072773151 |
| Edition: | 1. vyd. |
| Subjects: |
MARC
| LEADER | 00000cam a2200000 a 4500 | ||
|---|---|---|---|
| 001 | vtls008828648 | ||
| 003 | SK-MaSNL | ||
| 005 | 20260311142737.0 | ||
| 008 | 240318s2006 xr a n 000 0 cze | ||
| 015 | |a SNBZSA2007-00264 | ||
| 020 | |a 8072773151 |q (viaz.) | ||
| 035 | |a urn:nbn:sk:snk-am00a0sj | ||
| 035 | |a urn:nbn:sk:snk-am3hchu | ||
| 035 | |a 2F16A342-124B-423F-86AD-E125E70347C0 | ||
| 040 | |a SNK |b slo |c SNK |e AACR2 | ||
| 041 | 0 | |a cze |a slo |a eng |b eng | |
| 044 | |a xr |c CZ | ||
| 072 | 7 | |a 327 |x Medzinárodné vzťahy, svetová politika |2 konspekt | |
| 072 | 7 | |a 94(4) |x Dejiny Európy |2 konspekt | |
| 080 | |a (=162.3):(=162.4) |2 MDT-MRF | ||
| 080 | |a 343.819 |2 MDT-MRF | ||
| 080 | |a 341.76 |2 MDT-MRF | ||
| 080 | |a 314.151.5 |2 MDT-MRF | ||
| 080 | |a (437) |2 MDT-MRF | ||
| 080 | |a (47+57) |2 MDT-MRF | ||
| 080 | |a (048.8) |2 MDT-MRF | ||
| 080 | |a (093) |2 MDT-MRF | ||
| 080 | |a 343.819 |x (=162.3) |x (=162.4) |x (47+57) |2 2001 | ||
| 080 | |a 327 |x (437) |x "1945/1953" |2 2001 | ||
| 100 | 1 | |a Polišenská, Milada, |d 1952- |4 aut |9 124385 | |
| 245 | 1 | 0 | |a Čechoslováci v gulagu a československá diplomacie 1945-1953 |c Milada Polišenská |
| 250 | |a 1. vyd. | ||
| 260 | |a Praha |b Libri ; |a Bratislava |b Ústav pamäti národa |c 2006 | ||
| 300 | |a 510 s. |b ilustr. |c 21 cm | ||
| 500 | |a Vyd. v spolupráci s Ústavom soudobých dĕjin AV ČR | ||
| 500 | |a 1500 výt. | ||
| 504 | |a Bibliogr. a bibliogr. odkazy s. 453-506; zozn. skratiek s.450-452 | ||
| 546 | |a Text čiast. angl. a slov. Res. angl. | ||
| 650 | 0 | 7 | |a Slováci |z Sovietsky zväz |y 1945-1953 |2 snkph |9 669409 |
| 650 | 0 | 7 | |a pracovné tábory |2 snkph |9 2655 |
| 650 | 0 | 7 | |a diplomatické rokovania |z Česko-Slovensko |y 1945-1953 |2 snkph |9 669410 |
| 650 | 0 | 7 | |a repatriácia |2 snkph |9 4672 |
| 650 | 0 | 7 | |a Česi |z Sovietsky zväz |y 1945-1953 |2 snkph |9 669411 |
| 650 | 0 | 7 | |a politika |2 SNKPH |9 968 |
| 650 | 0 | 7 | |a diplomacia |2 SNKPH |9 1254 |
| 650 | 0 | 7 | |a deportácie |2 SNKBUCL |9 316392 |
| 650 | 0 | 7 | |a porušovanie ľudských práv |2 SNKPH |9 13668 |
| 650 | 0 | 7 | |a pracovné tábory |2 SNKBUCL |9 2655 |
| 651 | 7 | |a Sovietsky zväz |2 SNKPHgeo |9 22126 | |
| 651 | 7 | |a Československo |2 SNKPHgeo |9 21376 | |
| 655 | 7 | |a štúdie |2 snkph |9 57033 | |
| 655 | 7 | |a dokumenty |2 snkph |9 70482 | |
| 710 | 2 | |a Akademie věd České republiky. |b Ústav pro soudobé dějiny |4 pbl |9 156108 | |
| 919 | |a 80-7277-315-1 | ||
| 958 | |a ZS | ||
| 958 | |a CZ | ||
| 958 | |a RU | ||
| 958 | |a NB | ||
| 958 | |a OND | ||
| 999 | |c 1035310 |d 1037240 | ||
| 952 | |a SNK |b SNK |y PREZ |7 0 |p 17A0528629 |o snkSC 125628 |i snk2006/23448 |8 2 |g 21.14 |0 0 |1 0 |4 0 |d 2006-08-21 |f 1 |l 0 |r 2025-06-11 00:00:00 |w 2026-02-24 | ||
| 952 | |a SNK |b SNKPULT |y VYP |7 0 |p 17A0510427 |o snkSC 125628 D1 |i snk2006/24450 |8 3 |g 25.23 |0 0 |1 0 |4 0 |d 2006-11-22 |l 1 |m 2 |q 2026-05-11 |r 2026-02-28 18:37:56 |s 2026-02-28 |w 2026-02-24 | ||
| 952 | |t snkPOL 327(437)(091) |a SNKUST |b SNKUST |y PREZ |7 0 |p 17A0544551 |o snkSC 125628 D2 |i snk2007/7515 |8 2 |g 21.14 |0 0 |1 0 |4 0 |d 2006-11-09 |l 0 |r 2025-05-28 00:00:00 |w 2026-02-24 | ||


